<?xml version="1.0" encoding="UTF-8"?>
<record
    xmlns:xsi="http://www.w3.org/2001/XMLSchema-instance"
    xsi:schemaLocation="http://www.loc.gov/MARC21/slim http://www.loc.gov/standards/marcxml/schema/MARC21slim.xsd"
    xmlns="http://www.loc.gov/MARC21/slim">

  <leader>01184nam a22002057a 4500</leader>
  <controlfield tag="005">20250224152703.0</controlfield>
  <controlfield tag="008">250224b           ||||| |||| 00| 0 eng d</controlfield>
  <datafield tag="020" ind1=" " ind2=" ">
    <subfield code="a">9788196318406</subfield>
  </datafield>
  <datafield tag="040" ind1=" " ind2=" ">
    <subfield code="c">AL</subfield>
  </datafield>
  <datafield tag="041" ind1=" " ind2=" ">
    <subfield code="a">eng</subfield>
  </datafield>
  <datafield tag="082" ind1=" " ind2=" ">
    <subfield code="2">23</subfield>
    <subfield code="a">823</subfield>
    <subfield code="b">KAIW</subfield>
  </datafield>
  <datafield tag="100" ind1=" " ind2=" ">
    <subfield code="a">Rohan Kailasam</subfield>
    <subfield code="9">202278</subfield>
  </datafield>
  <datafield tag="245" ind1=" " ind2=" ">
    <subfield code="a">Wastra</subfield>
  </datafield>
  <datafield tag="260" ind1=" " ind2=" ">
    <subfield code="a">Noida</subfield>
    <subfield code="b">Nu Voice Press</subfield>
    <subfield code="c">2023</subfield>
  </datafield>
  <datafield tag="300" ind1=" " ind2=" ">
    <subfield code="a">281p</subfield>
    <subfield code="b">PB</subfield>
    <subfield code="c">19.5x12.5cm.</subfield>
  </datafield>
  <datafield tag="365" ind1=" " ind2=" ">
    <subfield code="2">General</subfield>
    <subfield code="a">6693</subfield>
    <subfield code="b">&#x20B9;239.20</subfield>
    <subfield code="c">&#x20B9;</subfield>
    <subfield code="d">&#x20B9;299.00</subfield>
    <subfield code="e">20%</subfield>
    <subfield code="f">18/02/2025</subfield>
  </datafield>
  <datafield tag="520" ind1=" " ind2=" ">
    <subfield code="a">When Shalini is assigned an investigation of a brutal attack, she uncovers a key clue in a photograph. Intrigued, she follows the trail to the murky streets of Colaba, where she encounters the alcoholic, Shinda as she delves deeper, the reporter finds herself drawn into the dark undercurrents of Bombay&#x2019;s underworld. She is taken on a mind-bending journey through the stories about the Iran-Iraqwar, the Tamil Tigers of Sri Lanka, the communal riots of Bombay and the legend of Westra with Babu&#x2019;s life hanging in the balance, she finds herself in a desperate race against time to unravel the secrets hidden in an alcoholic mind.

</subfield>
  </datafield>
  <datafield tag="650" ind1=" " ind2=" ">
    <subfield code="2">Fiction</subfield>
    <subfield code="a">English Fiction</subfield>
    <subfield code="9">202279</subfield>
  </datafield>
  <datafield tag="942" ind1=" " ind2=" ">
    <subfield code="2">ddc</subfield>
    <subfield code="c">BK</subfield>
  </datafield>
  <datafield tag="999" ind1=" " ind2=" ">
    <subfield code="c">233887</subfield>
    <subfield code="d">233887</subfield>
  </datafield>
  <datafield tag="952" ind1=" " ind2=" ">
    <subfield code="0">0</subfield>
    <subfield code="1">0</subfield>
    <subfield code="2">ddc</subfield>
    <subfield code="4">0</subfield>
    <subfield code="7">0</subfield>
    <subfield code="8">MAENG</subfield>
    <subfield code="a">SACPG</subfield>
    <subfield code="b">SACPG</subfield>
    <subfield code="d">2025-02-18</subfield>
    <subfield code="e">Biblios Book Point</subfield>
    <subfield code="g">239.20</subfield>
    <subfield code="l">1</subfield>
    <subfield code="o">823 KAIW</subfield>
    <subfield code="p">PG024949</subfield>
    <subfield code="r">2026-01-05 12:44:22</subfield>
    <subfield code="s">2025-12-16</subfield>
    <subfield code="v">299.00</subfield>
    <subfield code="w">2025-02-24</subfield>
    <subfield code="y">BK</subfield>
  </datafield>
</record>
